00464nam a2200193 a 4500001001300000003000900013005001700022008004100039020001000080082001700090100002100107245001900128260003200147300000900179500003500188505001000223650001600233700002100249nice12345678IN_TiNIC20260116011822.0050524s1942 luca grp 000 0 urd  ac10000a297.82bRIZ1 aRizvi, S M Akbar aHusaini Duniya aLucknowbNizami Pressc1942 a237p aincludes index and biblioraphy2 aIndex aHusain-Imam1 aRizvi, S M Akbar